|
|
|
|
| LEADER |
00000nam0a2200000 4500 |
| 001 |
170111 |
| 005 |
20231101222852.0 |
| 010 |
|
|
|a 9785382006512
|
| 035 |
|
|
|a (RuTPU)RU\TPU\book\184485
|
| 090 |
|
|
|a 170111
|
| 100 |
|
|
|a 20091120d2008 km y0rusy50 ca
|
| 101 |
0 |
|
|a rus
|
| 102 |
|
|
|a RU
|
| 105 |
|
|
|a a z 001zy
|
| 200 |
1 |
|
|a Неокибернетика. Алгоритмы, математика эволюции и технологии будущего
|f С. М. Крылов
|
| 210 |
|
|
|a Москва
|c Изд-во ЛКИ
|d 2008
|
| 215 |
|
|
|a 288 с.
|c ил.
|
| 320 |
|
|
|a Библиогр.: с. 284-288.
|
| 320 |
|
|
|a Указатель имен и терминов: с. 275-279.
|
| 330 |
|
|
|a Книга посвящена новому междисциплинарному научному направлению, которое впервые смогло доказать, что универсальная наука, о которой давно мечтали ученые, способная объединить в себе все основные естественные, гуманитарные, технические и теоретические научные дисциплины: от математики до философии, от химии до электроники, от теории алгоритмов до социологии, — не только необходима, но и возможна. Ее рабочее название — «Общая формальная технология» (ОФТ). Благодаря ОФТ впервые удалось найти очень простые решения ряда «вечных» проблем, объясняющих истоки и причины происхождения жизни, законы эволюции и познания, особенности их реализации в биологических, информационных и технических системах. Именно с ее помощью оказалось возможным вычислить структуру чрезвычайно перспективных автоматических технологических систем настоящего и будущего, включая программируемые «нано-фабрики на кристалле», универсальные химические микроанализаторы, многоцелевые аналого-цифровые «системы на кристалле», превосходящие по своим возможностям микропроцессоры; универсальные автоматы — синтезаторы различных объектов, способные к самомодификации, саморемонту и даже к самовоспроизведению. Она же объяснила и причины необычайно быстрого и успешного внедрения в современные компьютерные технологии основной парадигмы объектно-ориентированного программирования (ООП) — концепции «объекта». Книга рассчитана на широкий круг читателей, знакомых с основами информатики, философии, математики, биологии и физики, и может быть полезна всем, кому интересны глобальные общефилософские и общенаучные проблемы и тенденции.
|
| 606 |
1 |
|
|a Кибернетика
|x Философские проблемы
|2 stltpush
|3 (RuTPU)RU\TPU\subj\39474
|9 59553
|
| 610 |
1 |
|
|a эволюционные технологии
|
| 610 |
1 |
|
|a ОФТ
|
| 610 |
1 |
|
|a общая формальная технология
|
| 610 |
1 |
|
|a метафизика
|
| 610 |
1 |
|
|a функциональность
|
| 610 |
1 |
|
|a неокибернетика
|
| 610 |
1 |
|
|a живая материя
|
| 610 |
1 |
|
|a жизнь
|
| 610 |
1 |
|
|a возникновение
|
| 610 |
1 |
|
|a технологические системы
|
| 610 |
1 |
|
|a тезис Черча
|
| 610 |
1 |
|
|a перспективы
|
| 675 |
|
|
|a 681.5:1
|v 3
|
| 700 |
|
1 |
|a Крылов
|b С. М.
|g Сергей Михайлович
|
| 801 |
|
1 |
|a RU
|b 63413507
|c 20091120
|
| 801 |
|
2 |
|a RU
|b 63413507
|c 20091126
|g RCR
|
| 942 |
|
|
|c BK
|